call of duty zombies tranzit - Statistics

General Stats
  • This quiz has been taken 51 times
  • The average score is 8 of 11
Answer Stats
Hint Answer % Correct
map in tranzit farm
96%
map in tranzit town
96%
wonder weapon jet gun
73%
map in tranzit turned
73%
character Abigail Misty Briarton
71%
map in tranzit bus depot
71%
character Russman
67%
character Marlton Johnson
62%
boss avogadro
60%
charcater Samuel Stuhlinger
56%
map in tranzit nacht der untoten
49%
No matching quizzes found
Score Distribution
Percent of People with Each Score
Percentile by Number Answered
Your Score History
You have not taken this quiz